000 nam a22 7a 4500
999 _c9669
_d9669
008 180206b ||||| |||| 00| 0 eng d
100 _aGupta,S.P.
_95786
245 _aWork Book The Earth: our Habitat (Geography)-VI
260 _aNew Delhi
_bArya
_c2007